[Event "6th LGA Premium Cup"]
[Site "Nuernberg GER"]
[Date "2009.09.04"]
[Round "2"]
[White "Farago,I"]
[Black "Seyb,A"]
[Result "1-0"]
[WhiteElo "2511"]
[BlackElo "2248"]

1.d4 d5 2.c4 c6 3.Nf3 Nf6 4.Nc3 a6 5.c5 Nbd7 6.Bf4 g6 7.e3 Bg7 8.Bd3 O-O
9.O-O Re8 10.h3 Nh5 11.Bh2 e5 12.Be2 exd4 13.Nxd4 Nxc5 14.Bxh5 gxh5 15.Qxh5 Qf6
16.Rfd1 Qg6 17.Qxg6 hxg6 18.Rac1 Ne4 19.Na4 a5 20.b3 Bf8 21.f3 Nd6 22.Kf2 Ra6
23.Nc5 Ra8 24.Bf4 f6 25.h4 Nf7 26.Na4 Ra6 27.g4 Bd6 28.Bxd6 Nxd6 29.e4 dxe4
30.Nxc6 e3+ 31.Ke2 Rxc6 32.Rxc6 bxc6 33.Rxd6 Ba6+ 34.Ke1 e2 35.Nc5 Bc8 36.Rxf6  1-0

[Event "6th LGA Premium Cup"]
[Site "Nuernberg GER"]
[Date "2009.09.05"]
[Round "5"]
[White "Zude,E"]
[Black "Hengl,C"]
[Result "1-0"]
[WhiteElo "2402"]
[BlackElo "2225"]

1.d4 d5 2.c4 c6 3.Nc3 Nf6 4.Nf3 a6 5.c5 Bf5 6.Bf4 Nbd7 7.e3 e6 8.Be2 Be7
9.Nd2 h6 10.h3 O-O 11.O-O Re8 12.Bh2 b6 13.cxb6 Qxb6 14.Na4 Qa7 15.Nb3 Rec8
16.Rc1 c5 17.Nbxc5 Nxc5 18.dxc5 Bxc5 19.Nxc5 Rxc5 20.Qd4 Rxc1 21.Rxc1 Qxd4
22.exd4 Ne4 23.f3 Nf6 24.b4 Nd7 25.g4 Bg6 26.Rc6 Bb1 27.a4 a5 28.b5 Bc2 29.b6  1-0

[Event "II Open"]
[Site "Sabadell ESP"]
[Date "2009.09.05"]
[Round "5"]
[White "Fier,A"]
[Black "Camino Carrio,N"]
[Result "1/2-1/2"]
[WhiteElo "2644"]
[BlackElo "2172"]

1.d4 d5 2.c4 c6 3.Nf3 Nf6 4.Nc3 a6 5.Bg5 e6 6.e3 Nbd7 7.Bd3 dxc4 8.Bxc4 b5
9.Bd3 Bb7 10.Ne5 c5 11.O-O Be7 12.Qe2 cxd4 13.exd4 O-O 14.Rfe1 Nb6 15.Qe3 Nfd5
16.Qh3 f5 17.Bd2 Bg5 18.Bxg5 Qxg5 19.Bf1 Rae8 20.Rad1 Rf6 21.Qg3 Qh6 22.Nxd5 Nxd5
23.Rc1 Qd2 24.Nd3 Qh6 25.Qe5 Rg6 26.f3 f4 27.Nc5 Ba8 28.Nxa6 Ne3 29.Kh1 Qh3
30.Rxe3 fxe3 31.Qxe3 Qh6 32.Qxh6 Rxh6 33.Bxb5 Rf8 34.Nc7 Bb7 35.a4 Rg6 36.Bc6 Bxc6
37.Rxc6 Rc8 38.a5 e5 39.Rc5 Rd6 40.d5 Rd7 41.d6 Rxd6 42.h4 Rd7 43.Ne6 Rb8
44.Rxe5 Rxb2 45.a6 Ra2 46.Nc5 Rd1+ 47.Kh2 Rdd2 48.Rg5 h6 49.Rg4 Rd5 50.Ne6 Rd7
51.Kg3 Rxa6 52.Nc5 Raa7 53.Nxd7 Rxd7 54.Ra4 Rd5 55.Ra7 Kh7 56.Kg4 Rd4+ 57.f4 h5+
58.Kxh5 Rxf4 59.g4 Rb4 60.Ra5 Rc4 61.Kg5 Rb4 62.Re5 Rb6 63.h5 Ra6 64.Re7 Ra5+
65.Kf4 Ra4+ 66.Kf5 Ra5+ 67.Re5 Rxe5+ 68.Kxe5 g6 69.h6 Kxh6 70.Kf6 g5 71.Kf5 Kh7
72.Kxg5 Kg7  1/2-1/2

[Event "ch-POR"]
[Site "Amadora POR"]
[Date "2009.09.07"]
[Round "3"]
[White "Fernandes,Ant"]
[Black "Cordovil,J"]
[Result "1-0"]
[WhiteElo "2409"]
[BlackElo "2214"]

1.d4 d5 2.c4 c6 3.Nf3 Nf6 4.Nc3 a6 5.e3 g6 6.Bd3 Bg7 7.O-O O-O 8.Qc2 b5 9.b3 Nbd7
10.e4 b4 11.Na4 Nb6 12.e5 Ne8 13.Nxb6 Qxb6 14.h3 Nc7 15.a3 Ne6 16.c5 Qb8
17.axb4 Qxb4 18.Ra4 Qb7 19.Ng5 Nc7 20.f4 Rb8 21.b4 f5 22.exf6 exf6 23.Nxh7 Kxh7
24.Bxg6+ Kg8 25.f5 Bd7 26.Qd1 Rfe8 27.Qh5 Kf8 28.Qh7 Re7 29.Bh6 Rf7 30.Re1  1-0

[Event "FSIMA September"]
[Site "Budapest HUN"]
[Date "2009.09.07"]
[Round "3"]
[White "Stoenescu,R"]
[Black "Farago,S"]
[Result "1/2-1/2"]
[WhiteElo "2175"]
[BlackElo "2236"]

1.d4 d5 2.c4 c6 3.Nc3 Nf6 4.Nf3 a6 5.c5 g6 6.Bf4 Nbd7 7.h3 Bg7 8.e3 O-O 9.Bd3 a5
10.O-O b6 11.cxb6 Nxb6 12.Ne5 Bb7 13.Na4 Nfd7 14.Nxb6 Nxb6 15.Rc1 Rc8 16.Qb3 f6
17.Nf3 a4 18.Qb4 Rf7 19.Rfd1 Bf8 20.Qd2 e6 21.e4 dxe4 22.Bxe4 Nd5 23.Bg3 a3
24.bxa3 Bxa3 25.Rb1 Ra8 26.Rb3 Qa5 27.Rdb1 Qa7 28.h4 Bf8 29.h5 g5 30.Qc2 Bc8
31.Qxc6 Bd7 32.Qc4 Rc8 33.Qd3 Qxa2 34.Rb8 g4 35.Nd2 Rxb8 36.Rxb8 f5 37.Bxd5 Qxd5
38.Be5 Bc6 39.f3 h6 40.Qa3 Bb7 41.Qb4 Qd7 42.Bd6 Bc8 43.Bxf8 Rxf8 44.Qc5 Rd8
45.Nc4 gxf3 46.gxf3 Bb7 47.Rxd8+ Qxd8 48.Ne5 Qg5+ 49.Kf2 Qd2+ 50.Kg1 Qe1+
51.Kg2 f4 52.Qb5 Qg3+ 53.Kf1 Qh3+ 54.Kf2 Qh2+ 55.Kf1 Qh1+ 56.Kf2 Qh4+ 57.Kf1 Qh1+
58.Kf2 Qh2+  1/2-1/2

[Event "ch-POR"]
[Site "Amadora POR"]
[Date "2009.09.09"]
[Round "5"]
[White "Santos,AntonioP"]
[Black "Cordovil,J"]
[Result "1-0"]
[WhiteElo "2264"]
[BlackElo "2214"]

1.d4 d5 2.c4 c6 3.Nc3 Nf6 4.Nf3 a6 5.e3 g6 6.Bd3 Bf5 7.Bxf5 gxf5 8.Qb3 Ra7
9.Bd2 dxc4 10.Qxc4 e6 11.O-O b5 12.Qe2 Nbd7 13.e4 b4 14.exf5 bxc3 15.fxe6 cxd2
16.exd7+ Kxd7 17.Ne5+ Kd6 18.Qxd2 Nd5 19.Rac1 Rc7 20.Qa5 Qc8 21.Rfe1 f6 22.Qc5+  1-0

[Event "ch-RUS HL"]
[Site "Ulan Ude RUS"]
[Date "2009.09.09"]
[Round "7"]
[White "Potkin,V"]
[Black "Shimanov,A"]
[Result "1-0"]
[WhiteElo "2606"]
[BlackElo "2508"]

1.d4 d5 2.c4 c6 3.Nf3 Nf6 4.Nc3 a6 5.c5 Bf5 6.Bf4 Nbd7 7.e3 e6 8.Nd2 b6 9.b4 Be7
10.Be2 O-O 11.Rc1 Bg6 12.O-O Qc8 13.a3 a5 14.Nb3 axb4 15.axb4 Qb7 16.b5 bxc5
17.Nxc5 Nxc5 18.dxc5 Ra5 19.Na4 Nd7 20.Qb3 Rfa8 21.Nb6 Nxc5 22.bxc6 Qxc6
23.Nxa8 Rxa8 24.Qb5 Qxb5 25.Bxb5 Nd3 26.Bxd3 Bxd3 27.Ra1 Rxa1 28.Rxa1 h5
29.Ra7 Bf6 30.Bd6 Bc4 31.Bc5 Bc3 32.Bd4 Be1 33.f4 Bd3 34.Ra3 Be4 35.Kf1 Bb4
36.Ra7 Bd3+ 37.Kf2 Be4 38.Rb7 Bd6 39.Rd7 Bb4 40.Be5 Bf5 41.Rc7 Be4 42.h3 Bf5
43.Bd4 Bd6 44.Rc1 Be7 45.Rg1 Be4 46.g4 hxg4 47.hxg4 Bb4 48.Rc1 Ba3 49.Rc3 Bb4
50.Rc7 Bd6 51.Rb7 Ba3 52.Kg3 Bc1 53.Rb8+ Kh7 54.Rf8 Bg6 55.f5 exf5 56.gxf5 Bxf5
57.Rxf7 Be4 58.Rxg7+ Kh6 59.Kf4 Ba3 60.Rg1 Bd6+ 61.Be5 Bc5 62.Rc1 Be7 63.Rg1 Bc5
64.Rg8 Be7 65.Kg4 Bd3 66.Re8 Bb4 67.Re6+ Kh7 68.Kg5 Kg8 69.Kf6 Bd2 70.Re8+ Kh7
71.Bd4 Bg6 72.Rd8 Bb4 73.Rxd5  1-0

[Event "ch-RUS HL"]
[Site "Ulan Ude RUS"]
[Date "2009.09.10"]
[Round "8"]
[White "Inarkiev,E"]
[Black "Bryzgalin,K"]
[Result "1/2-1/2"]
[WhiteElo "2664"]
[BlackElo "2480"]

1.d4 d5 2.c4 c6 3.Nf3 Nf6 4.Nc3 a6 5.c5 Nbd7 6.Bf4 Nh5 7.Bd2 Nhf6 8.Qc2 g6
9.g3 Bg7 10.Bg2 O-O 11.O-O Re8 12.Rad1 Nf8 13.Qb3 Ne6 14.Na4 Ne4 15.Be3 Rb8
16.Qb4 h6 17.Ne5 Qc7 18.f3 N4g5 19.Qd2 Rf8 20.Kh1 Kh7 21.Qd3 f5 22.Bg1 Nd8
23.Qc2 Bxe5 24.dxe5 f4 25.e3 fxe3 26.Bxe3 Qxe5 27.Rde1 Qg7 28.Qe2 Ndf7 29.h4 Ne6
30.Nb6 Nc7 31.f4 Re8 32.Nxc8 Rbxc8 33.h5 e5 34.fxe5 Rxe5 35.hxg6+ Qxg6 36.Qf2 Kg8
37.Bd4 Rxe1 38.Rxe1 Re8 39.Rxe8+ Nxe8 40.Qf4 Kf8 41.Bh3 Qb1+ 42.Kg2 Qc2+
43.Kf1 Ng7 44.Qb8+ Ne8 45.Qf4 Ng7 46.Bc3 Kg8 47.Qb8+ Kh7 48.Qxb7 d4 49.Qxf7 dxc3
50.bxc3 Qd3+ 51.Kg2 Qe2+ 52.Kh1 Qe5 53.Bg2 Qxc5 54.Be4+ Kh8 55.Kg2 Qd6 56.Qb7 Qd2+
57.Kh3 Qxa2 58.g4 Qe6 59.Bxc6 Qe3+ 60.Kh2 Qf2+ 61.Kh3 Qe3+ 62.Kh2 Qf2+ 63.Kh3  1/2-1/2

[Event "ch-POR"]
[Site "Amadora POR"]
[Date "2009.09.11"]
[Round "7"]
[White "Carneiro,C"]
[Black "Cordovil,J"]
[Result "0-1"]
[WhiteElo "2269"]
[BlackElo "2214"]

1.d4 d5 2.Nf3 Nf6 3.c4 c6 4.Nc3 a6 5.c5 Nbd7 6.Bf4 Nh5 7.e3 g6 8.Bd3 Bg7
9.b4 a5 10.a3 b6 11.Nxd5 cxd5 12.c6 Nxf4 13.cxd7+ Bxd7 14.exf4 O-O 15.O-O Bg4
16.Be2 Qd6 17.Ne5 Bf5 18.b5 Rac8 19.g3 Rc7 20.Rc1 Rfc8 21.Rxc7 Rxc7 22.Qb3 Bf8
23.Ra1 f6 24.g4 Bc2 25.Qa2 fxe5 26.fxe5 Qd8 27.Rc1 Bb3  0-1

[Event "ch-POR"]
[Site "Amadora POR"]
[Date "2009.09.11"]
[Round "7"]
[White "Ferreira,Jor1"]
[Black "Diogo,V"]
[Result "1/2-1/2"]
[WhiteElo "2238"]
[BlackElo "2308"]

1.d4 d5 2.c4 c6 3.Nf3 Nf6 4.Nc3 a6 5.Ne5 dxc4 6.a4 e6 7.g3 c5 8.Be3 Nd5 9.Bg2 Nc6
10.Nxc6 bxc6 11.dxc5 Nxe3 12.fxe3 Bxc5 13.Bxc6+ Bd7 14.Bxa8 Qxa8 15.Rf1 Bc6
16.e4 Bxe4 17.Nxe4 Qxe4 18.Rf3  1/2-1/2

[Event "4th Xtracon Skovbo"]
[Site "Borup DEN"]
[Date "2009.09.12"]
[Round "8"]
[White "Teplyi,I"]
[Black "Andersen,L1 DEN"]
[Result "1-0"]
[WhiteElo "2284"]
[BlackElo "2095"]

1.Nf3 d5 2.d4 Nf6 3.c4 c6 4.Nc3 a6 5.a4 e6 6.e3 a5 7.Bd3 Be7 8.O-O Na6 9.e4 dxe4
10.Nxe4 Nb4 11.Bb1 O-O 12.Re1 Re8 13.Ne5 Nxe4 14.Bxe4 f5 15.Bb1 b5 16.Ra3 Bf6
17.Rh3 Ra7 18.axb5 cxb5 19.cxb5 g6 20.Nc6 Nxc6 21.bxc6 Qd5 22.Rc3 Qxd4 23.Qxd4 Bxd4
24.Rc4 Bf6 25.Ba2 Rd8 26.h3 Kf7 27.Be3 Ra6 28.Rc2 h5 29.Bf4 Rd4 30.Be5 Bxe5
31.Rxe5 Ke7 32.Bxe6 Bxe6 33.c7 Ra8 34.Rc6 Kd7 35.Rcxe6 Rc8 36.Rxg6 Rxc7 37.Rxf5  1-0

[Event "7th ch-Mediterranean"]
[Site "Rijeka CRO"]
[Date "2009.09.16"]
[Round "8"]
[White "Botsari,A"]
[Black "Mona,K"]
[Result "1-0"]
[WhiteElo "2286"]
[BlackElo "2090"]

1.d4 d5 2.c4 c6 3.Nc3 Nf6 4.Nf3 a6 5.e3 b5 6.b3 Bg4 7.Be2 e6 8.O-O Bb4 9.Bb2 Nbd7
10.a3 Bd6 11.h3 Bxf3 12.Bxf3 O-O 13.e4 dxe4 14.Nxe4 Nxe4 15.Bxe4 Rc8 16.Qe2 Qg5
17.Rad1 Nf6 18.Bf3 Rfd8 19.Rd3 h5 20.Bc1 Bf4 21.Bxf4 Qxf4 22.Rfd1 Qh6 23.h4 g6
24.g3 Qf8 25.Qb2 Qg7 26.Qd2 Nd7 27.Kg2 Re8 28.Qa5 e5 29.Qxa6 Qf6 30.Qb7 Qe6
31.Re3 bxc4 32.bxc4 Nb8 33.d5 cxd5 34.Bxd5 Qe7 35.Qxe7 Rxe7 36.Rde1 Nd7 37.f4 Rc5
38.Re4 Kg7 39.fxe5 Nb6 40.Rd4 Rd7 41.e6 fxe6 42.Rxe6 Nxd5 43.cxd5 Rdxd5 44.Rxd5 Rxd5
45.Re3 Rd4 46.Kf3 Kf6 47.Rb3 Ra4 48.Ke2 Ra6 49.Kd2 g5 50.hxg5+ Kxg5 51.Kc2 Kg4
52.Kb2 Ra5 53.Re3 Rb5+ 54.Kc3 Rb1 55.a4 Rb8 56.Kc4 Rb1 57.Ra3 Rc1+ 58.Kb4 Rb1+
59.Kc5 Rc1+ 60.Kd5 Rd1+ 61.Ke5 Re1+ 62.Kf6 Re8 63.a5 Ra8 64.a6 Rf8+ 65.Ke5 Re8+
66.Kd4 Rd8+ 67.Kc5 Rc8+ 68.Kb6 Rb8+ 69.Kc7 Ra8 70.Kb7 Rf8 71.a7 Rf7+ 72.Kb6 Rf8
73.Rc3 Rf6+ 74.Kb7 Rf7+ 75.Rc7 Rf8 76.Rg7+  1-0

[Event "Maotai Prince Cup Queens"]
[Site "JinZhou CHN"]
[Date "2009.09.18"]
[Round "2"]
[White "Tan Zhongyi"]
[Black "Shen Yang"]
[Result "1-0"]
[WhiteElo "2435"]
[BlackElo "2453"]

1.d4 d5 2.c4 c6 3.Nf3 Nf6 4.Nc3 a6 5.e3 b5 6.c5 g6 7.Bd3 Bg7 8.O-O O-O 9.h3 Nbd7
10.b4 a5 11.bxa5 Qxa5 12.Bd2 Qc7 13.a4 bxa4 14.Rxa4 Rxa4 15.Qxa4 e5 16.Bc2 Bb7
17.Rb1 exd4 18.exd4 Ra8 19.Qb4 Ba6 20.Ra1 Nf8 21.Qb6 Qc8 22.Ba4 Bd3 23.Re1 Ra6
24.Qb4 N6d7 25.Be3 Ra8 26.Rd1 Ba6 27.Bf4 Ne6 28.Bg3 Bc4 29.Bb3 Bxb3 30.Qxb3 Qa6
31.Rd2 h6 32.Ra2 Qc8 33.Na4 Qd8 34.Rd2 Ra6 35.Qb4 Kh7 36.Kh2 Qa8 37.Nb6 Qd8
38.Rb2 Ndxc5 39.Rb1 Ne4 40.Ne5 Nxg3 41.fxg3 Bxe5 42.dxe5 Kg7 43.Qd6 Qxd6
44.exd6 Nd8 45.Nd7 Ra7 46.Nc5 Ra5 47.Nd3 d4 48.Rb8 Ne6 49.Rc8 Ra3 50.d7 Rxd3
51.Re8 c5 52.Rxe6 fxe6 53.d8=Q Re3 54.Qe7+ Kg8 55.Qxc5 e5 56.Qe7 h5 57.h4 Re1
58.Qf6 Kh7 59.Qf7+  1-0

[Event "18th TCh-CRO"]
[Site "Sibenik CRO"]
[Date "2009.09.21"]
[Round "1"]
[White "Cvitan,O"]
[Black "Tratar,M"]
[Result "1/2-1/2"]
[WhiteElo "2516"]
[BlackElo "2478"]

1.d4 d5 2.c4 c6 3.Nf3 Nf6 4.Nc3 a6 5.cxd5 cxd5 6.Bf4 Nc6 7.Rc1 Ne4 8.Ne5 Nxc3
9.Rxc3 Bd7 10.e3 e6 11.a3 Nxe5 12.Bxe5 Rc8 13.Rxc8 Qxc8 14.Bd3 f6 15.Bg3 Kf7
16.O-O Be7 17.Qb1 Bc6 18.Rc1 Qd7 19.Rc3 g6 20.h4 Rc8 21.Qc1 Qe8 22.b4  1/2-1/2

[Event "Bolungarvik Open"]
[Site "Reykjavik ISL"]
[Date "2009.09.22"]
[Round "5"]
[White "Johannesson,I"]
[Black "Thorfinnsson,Br"]
[Result "1/2-1/2"]
[WhiteElo "2323"]
[BlackElo "2360"]

1.Nf3 Nf6 2.d4 d5 3.c4 c6 4.Nc3 a6 5.e3 b5 6.c5 Bg4 7.Qb3 Bxf3 8.gxf3 e5
9.a4 Nbd7 10.Qa3 Rb8 11.axb5 axb5 12.Qa6 Qc7 13.Qa5 Qb7 14.Qa7 b4 15.Qxb7 Rxb7
16.Ra8+ Ke7 17.Na4 g6 18.Rc8 Nb8 19.dxe5 Nfd7 20.f4 b3 21.Bd2 Bg7 22.Rxh8 Bxh8
23.Bc3 f6 24.e6 Ra7 25.exd7 Rxa4 26.d8=Q+ Kxd8 27.h4 Ra1+ 28.Ke2 Rc1 29.h5 Bg7
30.hxg6 hxg6 31.Kd2 Rc2+ 32.Ke1 Rc1+ 33.Kd2 Rc2+ 34.Ke1 Rc1+  1/2-1/2

[Event "18th TCh-CRO w"]
[Site "Sibenik CRO"]
[Date "2009.09.23"]
[Round "3"]
[White "Kukic,L"]
[Black "Tomulic,V"]
[Result "1/2-1/2"]
[WhiteElo "1721"]
[BlackElo "1917"]

1.d4 d5 2.Nf3 Nf6 3.c4 c6 4.Nc3 a6 5.a4 dxc4 6.e4 Bg4 7.Bxc4 e6 8.Bg5 Be7
9.Bxf6 Bxf6 10.e5 Be7 11.Qd3 Bf5 12.Qe3 Nd7 13.O-O Nb6 14.Bb3 O-O 15.Nd2 Nd5
16.Bxd5 cxd5 17.Rfc1 Rc8 18.a5 Bb4 19.Nb3 b6 20.axb6 Qxb6 21.Na4 Rxc1+ 22.Qxc1 Qb5
23.Nac5 a5 24.Qf1 Rb8 25.Rc1 h6 26.Qxb5 Rxb5 27.Na4 Bd3 28.Nbc5 Bxc5 29.Nxc5 Bc4
30.Rc2 Kf8 31.f4 Ke7 32.Kf2 Rb4 33.Ke3 Bb3 34.Rc3 a4 35.Nxb3 axb3 36.Rc7+ Ke8
37.Kd3 Rb8 38.g4 g6 39.Kc3 Rb6 40.Rc8+ Ke7 41.Rh8 Rc6+ 42.Kxb3  1/2-1/2

[Event "Bolungarvik Open"]
[Site "Reykjavik ISL"]
[Date "2009.09.24"]
[Round "8"]
[White "Johannesson,I"]
[Black "Glud,J"]
[Result "0-1"]
[WhiteElo "2323"]
[BlackElo "2476"]

1.d4 d5 2.Nf3 Nf6 3.c4 c6 4.Nc3 a6 5.cxd5 cxd5 6.Bf4 e6 7.e3 Be7 8.h3 O-O
9.Bd3 b5 10.O-O Bb7 11.Rc1 Nbd7 12.Ne5 Nb6 13.Qe2 Rc8 14.Rc2 Nc4 15.Rfc1 Qa5
16.Qe1 Bb4 17.Nxc4 dxc4 18.Bf1 Nd5 19.Bh2 Nxc3 20.bxc3 Ba3 21.f3 Bxc1 22.Qxc1 Rfd8
23.Qe1 Qa4 24.Rb2 Qa3 25.Rc2 a5 26.Be5 f6 27.Bf4 Ba6 28.e4 b4 29.Qa1 b3 30.Rb2 a4
31.Bc1 Qd6 32.a3 Qb6 33.Rf2 e5 34.Bb2 Rc7 35.Rd2 Qa5 36.d5 Qc5+ 37.Kh2 f5
38.Re2 fxe4 39.fxe4 Rf7  0-1

[Event "18th TCh-CRO"]
[Site "Sibenik CRO"]
[Date "2009.09.24"]
[Round "4"]
[White "Hulak,K"]
[Black "Muse,D"]
[Result "1/2-1/2"]
[WhiteElo "2520"]
[BlackElo "2367"]

1.d4 d5 2.c4 c6 3.Nf3 Nf6 4.Nc3 a6 5.c5 Nbd7 6.Bf4 Nh5 7.Bd2 Nhf6 8.b4 Qc7
9.Bg5 h6 10.Bh4 Nh5 11.e3 g5 12.Nd2 Ndf6 13.Bg3 Nxg3 14.hxg3 e5 15.Nb3 Bg7
16.Bd3 Bg4 17.Qc2 O-O  1/2-1/2

[Event "18th TCh-CRO w"]
[Site "Sibenik CRO"]
[Date "2009.09.29"]
[Round "9"]
[White "Medic,Mir"]
[Black "Macek,V"]
[Result "1/2-1/2"]
[WhiteElo "2322"]
[BlackElo "2220"]

1.d4 d5 2.c4 c6 3.Nf3 Nf6 4.Nc3 a6 5.Ne5 e6 6.Bf4 dxc4 7.Nxc4 b5 8.Ne5 c5
9.dxc5 Qxd1+ 10.Rxd1 Bxc5 11.e3 Bb7 12.Be2 Bb4 13.O-O Bxc3 14.bxc3 Nd5 15.Rc1 Nxf4
16.exf4 Nd7 17.Nxd7 Kxd7 18.c4 bxc4 19.Bxc4 Rhc8 20.h3 Ke7 21.Bb3  1/2-1/2

[Event "10th Veselin Boskovic Mem"]
[Site "Beograd SRB"]
[Date "2009.09.30"]
[Round "3.2"]
[White "Lapcevic,M"]
[Black "Pikula,D"]
[Result "1/2-1/2"]
[WhiteElo "2390"]
[BlackElo "2562"]

1.d4 d5 2.c4 c6 3.Nf3 Nf6 4.Nc3 a6 5.a4 Bf5 6.Qb3 Ra7 7.c5 Nbd7 8.Bf4 Nh5
9.Bd2 e5 10.Nxe5 Nxe5 11.dxe5 Bxc5 12.e4 dxe4 13.O-O-O Qe7 14.Be2 Qxe5 15.Rde1 Nf6
16.f4 Qe7 17.g4 Be6 18.Bc4 Bxc4 19.Qxc4 b5 20.Qe2 e3 21.g5 Ne4 22.Bxe3 Nxc3
23.Qd3 O-O 24.Qxc3 Bxe3+ 25.Rxe3 Qd6 26.Re5 bxa4 27.h4 Rb7 28.Rd1 Qb8 29.h5 Rb3
30.Qd4 Rb4 31.Qc3 Rb3 32.Qd4 Rb4 33.Qc3  1/2-1/2

[Event "TCh-FIN 2009-10"]
[Site "Finland FIN"]
[Date "2009.10.17"]
[Round "3"]
[White "Maki Uuro,Mi"]
[Black "Kokkila,T"]
[Result "0-1"]
[WhiteElo "2342"]
[BlackElo "2342"]

1.d4 d5 2.c4 c6 3.Nf3 Nf6 4.Nc3 a6 5.cxd5 cxd5 6.Bf4 Nc6 7.Rc1 e6 8.e3 Qb6
9.Bd3 Nh5 10.Be5 Nxe5 11.Nxe5 Nf6 12.Qa4+ Bd7 13.Nxd7 Nxd7 14.e4 dxe4 15.Bxe4 Bd6
16.O-O Rd8 17.d5 e5 18.Bf5 Qb4 19.Bxd7+ Rxd7 20.Qxb4 Bxb4 21.Rfe1 f6 22.a3 Bxc3
23.Rxc3 Kf7 24.Rd1 Rhd8 25.Kf1 Ke7 26.Rc5 Kd6 27.b4 Rc7 28.Rxc7 Kxc7 29.Ke2 Kd6
30.Rc1 Rd7 31.Rc5 Rc7 32.Rxc7 Kxc7 33.Kd3 f5 34.Kc4 Kd6 35.a4 b6 36.f3 g5
37.g4 f4  0-1

[Event "Chigorin Mem Open"]
[Site "St Petersburg RUS"]
[Date "2009.10.22"]
[Round "7"]
[White "Kazhgaleyev,M"]
[Black "Volkov,Sergey1"]
[Result "0-1"]
[WhiteElo "2643"]
[BlackElo "2616"]

1.d4 d5 2.c4 c6 3.Nc3 Nf6 4.Nf3 a6 5.Qb3 e6 6.Bg5 Be7 7.e3 O-O 8.Rd1 b5 9.c5 Nbd7
10.Be2 a5 11.a3 Re8 12.Bf4 Ba6 13.h3 Qc8 14.O-O Bd8 15.Bd3 Bc7 16.Rfe1 Bxf4
17.exf4 b4 18.axb4 Bxd3 19.Rxd3 axb4 20.Na2 Qc7 21.Ne5 Reb8 22.Nc1 Ne4 23.Rdd1 Nxe5
24.fxe5 Qa5 25.Nd3 h6 26.h4 Qd8 27.g3 g5 28.hxg5 Qxg5 29.Kg2 Kh7 30.Rh1 Rg8
31.Rh3 Rg6 32.Qc2 b3 33.Qe2 Ra4 34.Qf3 Rxd4 35.Rh5 Qe7 36.Qe3 Rc4 37.Rdh1 Qf8
38.Nf4 Qxc5 39.Qxc5 Rxc5 40.Nxg6 Kxg6 41.Rxh6+ Kg7 42.Rh7+ Kg8 43.Rh8+ Kg7
44.R1h7+ Kg6 45.Rh4 Kg7 46.Rb8 Rc2 47.Rg4+ Kh7 48.Rh4+ Kg7 49.Rg4+ Kh7 50.Rf4 Rxb2
51.Rxf7+ Kg6 52.Rf3 c5 53.Rb6 Kg5 54.Rxe6 Re2 55.Rb6 c4 56.e6 Nc5 57.Rb5 Nxe6
58.Rxd5+ Kg6 59.Rb5 Nd4 60.Rb6+ Re6 61.Rfxb3 cxb3 62.Rb4 Re1 63.g4 Kg5 64.f3 Kh4
65.Rxd4 b2 66.Rd5 Re2+ 67.Kf1 Rc2  0-1

[Event "Chigorin Mem Open"]
[Site "St Petersburg RUS"]
[Date "2009.10.22"]
[Round "7"]
[White "Sakaev,K"]
[Black "Simonian,H"]
[Result "1-0"]
[WhiteElo "2625"]
[BlackElo "2513"]

1.d4 d5 2.Nf3 Nf6 3.c4 c6 4.Nc3 a6 5.c5 Nbd7 6.Bf4 g6 7.h3 Bg7 8.e3 b6 9.cxb6 Qxb6
10.Qb3 Qa5 11.Be2 c5 12.O-O cxd4 13.exd4 Ra7 14.Qa4 Qxa4 15.Nxa4 a5 16.Rfc1 O-O
17.Rc7 Ra8 18.Rac1 Rd8 19.Bb5 Ba6 20.Bxa6 Rxa6 21.Rb7 Ne8 22.Rxd7 Rxd7 23.Rc8 Kf8
24.Nc5 Rda7 25.Nxa6 Rxa6 26.Ne5 Bxe5 27.dxe5 f6 28.exf6 Rxf6 29.Be5 Re6 30.f4 g5
31.Rd8 gxf4 32.Rxd5 a4 33.Bxf4 Re2 34.Bd2 Nd6 35.Kf1 Re4 36.b3 Kf7 37.Kf2 Ke6
38.Rh5 Nf5 39.g4 Nd4 40.Be3 axb3 41.axb3 Nxb3 42.Rxh7 Nd4 43.Rh6+ Kf7 44.Ra6 Ne6
45.Ra5 Rb4 46.Kg3 Rb3 47.Rf5+ Kg6 48.Rf3 Rb5 49.h4 Ng7 50.Bg5 Rb7 51.Re3 Kf7
52.Rf3+ Kg6 53.Re3 Kf7 54.h5 Ne6 55.Rf3+ Kg7 56.Be3 Rb5 57.Kh4 Rb4 58.Bd2 Rc4
59.Bc3+ Kg8 60.Be5 Re4 61.Rf5 Ra4 62.Bb2 Rc4 63.Rf2 Ra4 64.Bc1 Kg7 65.Kg3 Ra5
66.Bb2+ Kg8 67.Re2 Kf7 68.Re5 Ra2 69.Rb5 Nc7 70.Rf5+ Kg8 71.Rg5+ Kf7 72.Rf5+ Kg8
73.Bc1 Rc2 74.Bg5 Re2 75.Bf4 Ne6 76.Re5 Rxe5 77.Bxe5 Kf7 78.Kh4 Nf8 79.g5 Ke6
80.g6 Nd7 81.Bb2  1-0

[Event "8th TCh-Eur w"]
[Site "Novi Sad SRB"]
[Date "2009.10.23"]
[Round "2"]
[White "Rautanen,S"]
[Black "Houska,Jo"]
[Result "1/2-1/2"]
[WhiteElo "1993"]
[BlackElo "2381"]

1.Nf3 d5 2.d4 Nf6 3.c4 c6 4.Nc3 a6 5.c5 Bf5 6.Bf4 Nbd7 7.h3 h6 8.e3 e6 9.Be2 Be7
10.Qb3 Qc8 11.Na4 Bd8 12.O-O Bc7 13.Bxc7 Qxc7 14.Rac1 O-O 15.Rfd1 Rae8 16.Nc3 e5
17.Nxe5 Nxe5 18.dxe5 Rxe5 19.Rd4 Nd7 20.Qb4 Rfe8 21.Bf3 Qc8 22.Ne2 Qb8 23.Qd2 Qa7
24.b4 a5 25.a3 R5e7 26.Ng3 Bg6 27.e4 axb4 28.axb4 Ne5 29.exd5 Nxf3+ 30.gxf3 cxd5
31.Rxd5 Qa3 32.Kg2 h5 33.h4 Re6 34.Rd6  1/2-1/2

[Event "TCh-SLO East 1st League"]
[Site "Sentjur SLO"]
[Date "2009.10.23"]
[Round "2"]
[White "Slogar,D"]
[Black "Breznik,K"]
[Result "1/2-1/2"]
[WhiteElo "2330"]
[BlackElo "2178"]

1.d4 Nf6 2.Nf3 d5 3.c4 c6 4.Nc3 a6 5.cxd5 cxd5 6.Bf4 Nc6 7.e3 Bf5 8.Bd3 Bxd3
9.Qxd3 e6 10.O-O Be7 11.Rfc1 O-O 12.Bg5 Nd7 13.Bxe7 Qxe7 14.Na4 Rac8 15.Qd2 Qb4
16.Qxb4 Nxb4 17.a3 Nd3 18.Rd1 b5 19.Rxd3 bxa4 20.b3 Rc2 21.bxa4 Rb8 22.Ne1 Rc4
23.a5 Rb5 24.Rd2 Rxa5 25.Rb2 Rc3 26.a4 Rc4 27.Rb7 Nf8 28.Nd3 Rcxa4 29.Rxa4 Rxa4
30.h4 f6 31.h5 Ra1+ 32.Kh2 a5 33.h6 gxh6 34.Nf4 a4 35.Nh5 Ng6 36.Nxf6+ Kf8
37.Rxh7 Ne7 38.Rxh6 Nf5 39.Rh7 Ra2 40.g4 Nxe3 41.Kg3 Nc2 42.Kf4 Nxd4 43.Ke5 Nf3+
44.Kf4 Rxf2 45.Kg3 Rf1 46.Nd7+ Ke8 47.Nc5 Ng5 48.Ra7 e5 49.Nxa4 Rg1+ 50.Kf2 Rxg4
51.Nb6 Rd4 52.Ke3 Ne6 53.Nd7 Re4+ 54.Kd2 Kd8 55.Nf6 Rd4+ 56.Ke3 Nc7 57.Rb7 Rh4
58.Ra7 Rh6 59.Nxd5 Nxd5+ 60.Ke4 Ne7 61.Ra8+ Kd7 62.Kxe5 Rh5+ 63.Ke4 Kd6 64.Ra6+ Nc6  1/2-1/2

[Event "17th TCh-Eur"]
[Site "Novi Sad SRB"]
[Date "2009.10.24"]
[Round "3"]
[White "Jankovic,A"]
[Black "Sarakauskas,G"]
[Result "0-1"]
[WhiteElo "2548"]
[BlackElo "2424"]

1.d4 d5 2.Nf3 Nf6 3.c4 c6 4.Nc3 a6 5.c5 Bf5 6.Bf4 Nbd7 7.e3 g6 8.h3 Bg7 9.Rc1 Ne4
10.Be2 O-O 11.O-O Re8 12.Na4 f6 13.Bh2 e5 14.Qb3 Ra7 15.Rfd1 Be6 16.Bf1 Bf7
17.Qb4 Qc7 18.Qb3 h5 19.Re1 Kh7 20.Qc2 Raa8 21.Nc3 Ng5 22.Nxg5+ fxg5 23.dxe5 Nxc5
24.b4  0-1

[Event "Chigorin Mem Open"]
[Site "St Petersburg RUS"]
[Date "2009.10.24"]
[Round "9"]
[White "Magomedov,Ma"]
[Black "Ponomarev,Dm"]
[Result "1/2-1/2"]
[WhiteElo "2532"]
[BlackElo "2343"]

1.d4 d5 2.c4 c6 3.Nf3 Nf6 4.Nc3 a6 5.cxd5 cxd5 6.Bf4 Nc6 7.Rc1 Ne4 8.Ne5 Nxc3
9.Rxc3 Bd7 10.e3 e6 11.a3 Rc8 12.Nxd7 Qxd7 13.Bd3 Bd6 14.Bxd6 Qxd6 15.O-O O-O
16.Qc2 g6 17.Rc1 Rc7 18.g3 Kg7 19.Kg2 Rfc8 20.h4 h5 21.Rc5 Kh6 22.Qb3 Nd8
23.Qc3 Rc6 24.e4 Kh7 25.exd5  1/2-1/2

[Event "Chigorin Mem Open"]
[Site "St Petersburg RUS"]
[Date "2009.10.24"]
[Round "9"]
[White "Sandipan,C"]
[Black "Volkov,Sergey1"]
[Result "1/2-1/2"]
[WhiteElo "2611"]
[BlackElo "2616"]

1.d4 d5 2.c4 c6 3.Nf3 Nf6 4.Nc3 a6 5.Bd2 e6 6.c5 Nbd7 7.g3 Ne4 8.Nxe4 dxe4
9.Ng5 Nf6 10.Bg2 Qxd4 11.Ba5 Bxc5 12.Qxd4 Bxd4 13.O-O-O b6 14.Nxe4 Nxe4 15.Bxe4 Ke7
16.Rxd4 bxa5 17.Ra4 Rb8 18.Bd3 Rd8 19.Rxa5 Rd5 20.Ra3 a5 21.Kb1 Bd7 22.Rc1 Rb4
23.Rac3 e5 24.Rc4 f5  1/2-1/2

[Event "Chigorin Mem Open"]
[Site "St Petersburg RUS"]
[Date "2009.10.24"]
[Round "9"]
[White "Makarov,M"]
[Black "Burmakin,V"]
[Result "1/2-1/2"]
[WhiteElo "2505"]
[BlackElo "2599"]

1.d4 c6 2.c4 d5 3.Nf3 Nf6 4.Nc3 a6 5.cxd5 cxd5 6.Ne5 e6 7.Bf4 Nc6 8.e3 Nxe5
9.Bxe5 Bd6 10.Bd3 Bxe5 11.dxe5 Nd7 12.f4 Qb6 13.Qd2 Nc5 14.Bc2 Qxb2 15.Rb1 Qa3
16.O-O Bd7 17.e4 dxe4 18.Nxe4 Nxe4 19.Bxe4 Bb5 20.Rf3 Qc5+ 21.Qf2 Rc8 22.Qxc5 Rxc5
23.Bxb7 Rc7 24.a4  1/2-1/2

[Event "8th TCh-Eur w"]
[Site "Novi Sad SRB"]
[Date "2009.10.28"]
[Round "7"]
[White "Collas,S"]
[Black "Kulovana,E"]
[Result "1/2-1/2"]
[WhiteElo "2319"]
[BlackElo "2287"]

1.Nf3 d5 2.d4 Nf6 3.c4 c6 4.Nc3 a6 5.e3 b5 6.b3 Nbd7 7.Be2 e6 8.O-O Be7 9.Bb2 Bb7
10.Rc1 O-O 11.Qc2 bxc4 12.bxc4 dxc4 13.Na4 Rc8 14.Rfd1 Qa5 15.Bc3 Qc7 16.Nc5 Nxc5
17.dxc5 Bxc5 18.Ng5 e5 19.Bxc4 h6 20.Ne4 Be7 21.Nxf6+ Bxf6 22.Qf5 Rfd8 23.Bd3 c5
24.Be4 Bxe4 25.Qxe4 Rxd1+ 26.Rxd1 Rd8 27.Rc1 Qd6 28.h3 Qd3 29.Qa4 Qb5 30.Qe4 c4
31.f4 Re8 32.fxe5 Bxe5 33.Bxe5 Rxe5 34.Qd4 Re8 35.Rxc4 Qb1+ 36.Kh2 Qxa2 37.e4 Qe2
38.Ra4 Re6 39.Qd5 Qb5 40.Qxb5 axb5 41.Ra8+ Kh7 42.Rb8 Re5 43.Kg3 g5 44.Kf3 h5
45.g3 Rc5 46.h4 Rc3+ 47.Kf2 gxh4 48.Rxb5 hxg3+ 49.Kg2 Kg6 50.Kh3 Re3 51.Re5 f6
52.Ra5 h4 53.Kxh4 g2 54.Ra1 Rxe4+ 55.Kg3 Re2 56.Kf3 Rc2 57.Rb1 Kg5 58.Kg3 Rd2
59.Rc1 f5 60.Rg1 Rd4 61.Kxg2 Kg4 62.Ra1 Rd3 63.Ra4+ f4 64.Ra2 Rg3+ 65.Kf2 Rh3
66.Ra4 Rh2+ 67.Kg1 Re2 68.Kf1 Re3 69.Kf2 Rh3 70.Rb4 Rc3 71.Rb2 Rf3+ 72.Kg2 Rg3+
73.Kf2 Rh3 74.Rb4 Rh2+ 75.Kg1 Rc2 76.Rb3 Re2 77.Kf1 Re3 78.Rxe3 fxe3 79.Ke2 Kf4
80.Ke1 Kf3  1/2-1/2